NFL Player... Or Not - Sudden Death - Statistics

General Stats
  • This quiz has been taken 598 times
    257 since last reset
  • The average score is 17 of 20
Answers on the Grid
Answers color-coded by a green-red scale on the quiz's grid according to % correct below.
Alonzo Mourning
Baker Mayfield
Catfish Hunter
Cedric Tillman
Clayton Kershaw
Derrick Henry
Diego Maradona
Donovan Mitchell
Emmitt Smith
Jayson Tatum
Jerry Rice
Jim Brown
Joe Montana
Joe Thomas
Jordan Love
Josh Allen
Justin Jefferson
Kylian Mbappe
Lamar Jackson
Larry Bird
Lionel Messi
Luka Modric
Michael Jordan
Mike Trout
Myles Garrett
Nick Chubb
Patrick Mahomes
Ray Lewis
Saquon Barkley
T.J. Watt
Tom Brady
Tyreek Hill
Vince Carter
 
Answer Stats
Answer % Correct
Baker Mayfield
96%
Derrick Henry
90%
Josh Allen
88%
Jerry Rice
87%
Emmitt Smith
85%
Joe Montana
85%
Lamar Jackson
85%
Tom Brady
84%
Justin Jefferson
83%
Saquon Barkley
83%
Tyreek Hill
83%
Jordan Love
82%
T.J. Watt
82%
Nick Chubb
81%
Myles Garrett
80%
Ray Lewis
80%
Jim Brown
79%
Patrick Mahomes
79%
Cedric Tillman
72%
Joe Thomas
71%
No matching quizzes found
Score Distribution
Percent of People with Each Score
Percentile by Number Answered
Your Score History
You have not taken this quiz since the last reset